UBT Library

Digital multimedia cross-industry guide / (Record no. 39517)

000 -LEADER
fixed length control field 00803cam a2200229 a 4500
001 - CONTROL NUMBER
control field 3503859
005 - DATE AND TIME OF LATEST TRANSACTION
control field 20171228034538.0
008 - FIXED-LENGTH DATA ELEMENTS--GENERAL INFORMATION
fixed length control field 950119s1995 maua b 001 0 eng
010 ## - LIBRARY OF CONGRESS CONTROL NUMBER
LC control number 95001586
020 ## - INTERNATIONAL STANDARD BOOK NUMBER
International Standard Book Number 0240802055 (hardcover : acidfree paper)
040 ## - CATALOGING SOURCE
Original cataloging agency DLC
Transcribing agency DLC
Modifying agency DLC
041 ## - LANGUAGE CODE
Language code of text/sound track or separate title eng
080 ## - UNIVERSAL DECIMAL CLASSIFICATION NUMBER
Universal Decimal Classification number 384 DOD
082 00 - DEWEY DECIMAL CLASSIFICATION NUMBER
Classification number 384 DOD
Edition number 20
100 ## - Rafti
Rafti 40
101 ## - Shkurtesa
Shkurtesa MED
245 00 - TITLE STATEMENT
Title Digital multimedia cross-industry guide /
Statement of responsibility, etc editor, Philip V.W. Dodds ; managing editor, Lee E. Fitzpatrick.
504 ## - BIBLIOGRAPHY, ETC. NOTE
Bibliography, etc Includes bibliographical references and index.
906 ## - LOCAL DATA ELEMENT F, LDF (RLIN)
a 7
b cbc
c orignew
d 1
e ocip
f 19
g y-gencatlg
942 ## - ADDED ENTRY ELEMENTS (KOHA)
Source of classification or shelving scheme
Item type Books
Holdings
Withdrawn status Lost status Source of classification or shelving scheme Damaged status Not for loan Permanent location Current location Date acquired Total Checkouts Full call number Barcode Date last seen Price effective from Koha item type
          UBT - Lipjan UBT - Lipjan 12/28/2017   384 DOD 002-2994104 12/28/2017 12/28/2017 Books
UBT Library © 2015-2024. All rights reserved University Education for Business and Technology